El patrimonio cultural en México : un recurso estratégico para el desarrollo /

সংরক্ষণ করুন:
গ্রন্থ-পঞ্জীর বিবরন
প্রধান লেখক: Lara González, Carlos Alberto
অন্যান্য লেখক: López Morales, Francisco J. (prólogo)
বিন্যাস: অজ্ঞাত
ভাষা:Spanish
প্রকাশিত: México : Fundación Universitaria de Derecho, Administración y Política, 2005.
সংস্করন:1. edición
মালা:(Colección fundap política y administración pública)
বিষয়গুলি:
ট্যাগগুলো: ট্যাগ যুক্ত করুন
কোনো ট্যাগ নেই, প্রথমজন হিসাবে ট্যাগ করুন!

MARC

LEADER 000000000a22000000004500
001 002193
020 |a 968543557X 
041 0 |a spa 
082 0 4 |a 353.7   |b L318p 
100 1 |a Lara González, Carlos Alberto 
245 1 3 |a El patrimonio cultural en México :   |b un recurso estratégico para el desarrollo /   |c Carlos Alberto Lara González ; Francisco J. López Morales, prólogo. 
250 |a 1. edición 
260 1 |a México :   |b Fundación Universitaria de Derecho, Administración y Política,   |c 2005. 
300 |a 256 páginas  
490 1 |a (Colección fundap política y administración pública) 
650 4 |a PATRIMONIO CULTURAL 
650 4 |a MEXICO 
650 4 |a ADMINISTRACION CULTURAL 
700 1 |a López Morales, Francisco J.,   |e prólogo 
999 |c 8774  |d 8774 
942 |c BK  |h 353.7 L318p  |2 z